Statistics for Bari Karol Wojtyła Airport Destinations (Bari, Italy)

Click here to take the quiz!

General Stats

  • This quiz has been taken 30 times
  • The average score is 59 of 80

Answer Stats

AirlineDestination% Correct
TransaviaAmsterdam
96%
Aegean Airlines/VoloteaAthens
96%
British Airways/easyJetLondon (Gatwick)
91%
RyanairLondon (Stansted)
91%
RyanairMarseille
91%
ITA AirwaysMilan (Linate)
91%
easyJet/RyanairMilan (Malpensa)
91%
Air DolomitiMunich
91%
ITA Airways/RyanairRome (Fiumicino)
91%
RyanairTurin
91%
Austrian Airlines/RyanairVienna
91%
Wizz AirWarsaw (Chopin)
91%
RyanairWarsaw (Modlin)
91%
RyanairBerlin
87%
Ryanair/Wizz AirBudapest
87%
RyanairCatania
87%
Eurowings Discover/LufhtansaFrankfurt
87%
EurowingsHamburg
87%
RyanairKrakow
87%
Iberia/RyanairMadrid
87%
Norwegian Air ShuttleOslo
87%
Air France/easyJetParis (Charles de Gaulle)
87%
Transavia/VuelingParis (Orly)
87%
Albawings/Wizz AirTirana
87%
RyanairVenice
87%
Edelweiss AirZurich
87%
Air SerbiaBelgrade
83%
RyanairCagliari
83%
RyanairDublin
83%
EurowingsDusseldorf
83%
RyanairGenoa
83%
Turkish AirlinesIstanbul
83%
LuxairLuxembourg
83%
easyJetNice
83%
RyanairPalermo
83%
RyanairPisa
83%
BH Air/Ryanair/Wizz AirSofia
83%
VuelingBarcelona
78%
easyJetBasel/Mulhouse
78%
RyanairBologna
78%
Wizz AirBucharest (Otopeni)
78%
EurowingsCologne/Bonn
78%
Volotea/VuelingFlorence
78%
VoloteaLyon
78%
RyanairMalta
78%
RyanairPrague
78%
RyanairValencia
78%
Wizz AirWroclaw
78%
RyanairBergamo
74%
RyanairEdinburgh
74%
VoloteaHeraklion
74%
EurowingsStuttgart
74%
Scandinavian AirlinesCopenhagen
70%
easyJetNantes
70%
RyanairAlghero
65%
RyanairAlicante
65%
RyanairBordeaux
65%
RyanairCharleroi
65%
Air CairoSharm El Sheikh
65%
RyanairTrieste
65%
RyanairVerona
65%
VoloteaOlbia
61%
RyanairBillund
57%
RyanairPorto
57%
RyanairTel Aviv
57%
VoloteaZakynthos
57%
RyanairBeauvais
52%
RyanairNuremberg
52%
RyanairSeville
52%
Wizz AirCluj-Napoca
48%
RyanairPoznan
48%
VoloteaSantorini
48%
RyanairWeeze
48%
RyanairIbiza
43%
VoloteaMykonos
43%
RyanairKarlsruhe/Baden-Baden
39%
RyanairMaastricht
35%
RyanairKaunas
30%
Ryanair/VoloteaSkiathos
30%
Wizz AirTimisoara
26%

Score Distribution

Percentile by Number Answered

Percent of People with Each Score

Your Score History

You have not taken this quiz